| 000 | 00629nam a2200205 i 4500 | ||
|---|---|---|---|
| 001 | 77275 | ||
| 003 | ES-MaACL | ||
| 005 | 20230906173136.0 | ||
| 007 | t| | ||
| 008 | 041007s1920 fr ||||1| fre d | ||
| 100 | 1 |
_aHamelin, Octave. _961648 |
|
| 245 | 1 | 3 |
_aLe système d'Aristote / _cpar O. Hamelin ; publié par L. Robin. |
| 260 |
_aParís : _bFélix Alcan, _c1920 ( _eLaval : _fL. Barnéoud) |
||
| 300 |
_a427 p. ; _c22 cm. |
||
| 490 | 1 | _aHistorique des grands philosophes | |
| 700 | 1 |
_aRobin, Léon. _997872 |
|
| 830 | 0 |
_aHistorique des grands philosophes _9183546 |
|
| 852 |
_aES-MaACL _jF-6808 |
||
| 999 |
_c77275 _d77275 |
||